Urgent action needed over waste (Record no. 117526)

MARC details
000 -LEADER
fixed length control field 01203cam a2200217 4500
001 - CONTROL NUMBER
control field WB4023-19
008 - FIXED-LENGTH DATA ELEMENTS--GENERAL INFORMATION
fixed length control field 040616n2004 000 0 eng u
035 ## - SYSTEM CONTROL NUMBER
System control number (Sirsi) u126490
245 ## - TITLE STATEMENT
Title Urgent action needed over waste
260 ## - PUBLICATION, DISTRIBUTION, ETC.
Date of publication, distribution, etc. 2004
490 ## - SERIES STATEMENT
Series statement ICE Press Statement
Volume/sequential designation 15 June 2004 (3)
520 ## - SUMMARY, ETC.
Summary, etc. The ICE report, "The state of the nation 2004", has called for urgent action to provide over 2 000 new facilities to deal with the waste crisis. The ICE's estimate considers the number of waste management facilities, including recycling facilities, to replace a single landfill site. The report considers that there are insufficient statistics to accurately assess the problem and that government is not doing enough to encourage investment in sustainable solutions. The report is available to download as a pdf from the ICE website http://www.ice.org.uk/downloads//SoN2004_Waste_Bri efing_Document.pdf. http://www.ice.org.uk/news_events/newsdetail_ice.a sp?PressID=260&NewsType=Press
590 ## - LOCAL NOTE (RLIN)
Local note WB
590 ## - LOCAL NOTE (RLIN)
Local note WB
650 ## - SUBJECT ADDED ENTRY--TOPICAL TERM
Topical term or geographic name entry element WASTE TREATMENT
650 ## - SUBJECT ADDED ENTRY--TOPICAL TERM
Topical term or geographic name entry element LANDFILL SITES
650 ## - SUBJECT ADDED ENTRY--TOPICAL TERM
Topical term or geographic name entry element RECYCLING SITES
650 ## - SUBJECT ADDED ENTRY--TOPICAL TERM
Topical term or geographic name entry element WASTE INDUSTRY
690 ## - LOCAL SUBJECT ADDED ENTRY--TOPICAL TERM (OCLC, RLIN)
Topical term or geographic name as entry element WASTE MANAGEMENT
942 ## - ADDED ENTRY ELEMENTS (KOHA)
Suppress in OPAC 0
Holdings
Withdrawn status Lost status Source of classification or shelving scheme Damaged status Not for loan Home library Current library Shelving location Date acquired Total Checkouts Full call number Barcode Date last seen Copy number Price effective from Koha item type
    Dewey Decimal Classification     London London News article 16/06/2004   WB4023-19 126490-1001 06/08/2019 1 06/08/2019 News article